[Event "Sarajevo Bosna op 47th"]
[Site "Sarajevo"]
[Date "2017.05.14"]
[Round "3"]
[White "Zarkovic, Mila"]
[Black "Cosovic, Aziz"]
[Result "1-0"]
[WhiteElo "2251"]
[BlackElo "2006"]
[PlyCount "40"]
[EventDate "2017.05.13"]
[EventType "swiss"]
[EventRounds "9"]
[EventCountry "BIH"]
[SourceTitle "CBM 178 Extra"]
[Source "ChessBase"]
[SourceDate "2017.06.22"]
[SourceVersion "1"]
[SourceVersionDate "2017.06.22"]
[SourceQuality "1"]

1. e4 g6 2. d4 d6 3. Nc3 Nf6 4. Be3 Bg7 5. f3 0-0 6. Qd2 Re8 7. 0-0-0 c6 8. g4 Qa5 9. h4 h5 10. g5 Nfd7 11. Kb1 b5 12. Bd3 Nb6 13. Nce2 Qa6 14. f4 Nc4 15. Bxc4 bxc4 16. Nc3 Bg4 17. Nge2 Nd7 18. Rhf1 Reb8 19. Ka1 Rb7 20. Rb1 Qa5 1-0

[Event "BIH-ch"]
[Site "Lukavac"]
[Date "2016.03.31"]
[Round "1"]
[White "Cosovic, Aziz"]
[Black "Boric, Muhamed"]
[Result "0-1"]
[WhiteElo "1995"]
[BlackElo "2394"]
[PlyCount "72"]
[EventDate "2016.03.31"]
[EventType "swiss"]
[EventRounds "7"]
[EventCountry "BIH"]
[SourceTitle "CBM 171 Extra"]
[Source "ChessBase"]
[SourceDate "2016.04.26"]
[SourceVersion "1"]
[SourceVersionDate "2016.04.26"]
[SourceQuality "1"]

1. e4 c5 2. Nf3 d6 3. d4 cxd4 4. Nxd4 Nf6 5. Nc3 a6 6. Be3 e5 7. Nb3 Be6 8. Nd5 Nbd7 9. f3 Bxd5 10. exd5 Be7 11. c4 0-0 12. Bd3 a5 13. 0-0 a4 14. Nd2 Nh5 15. g4 Nf4 16. Bc2 a3 17. b3 Bg5 18. Kh1 Nh3 19. Bxg5 Qxg5 20. Ne4 Qe7 21. Ng3 g6 22. Qd2 Nf4 23. Rae1 Rfe8 24. Ne2 Nxe2 25. Rxe2 Qh4 26. g5 Kg7 27. Rg2 h6 28. Rg4 Qh3 29. gxh6+ Qxh6 30. Qg2 Nf6 31. Rg5 Nh5 32. Rg1 Nf4 33. Qd2 Rh8 34. R5g3 b5 35. Rf1 Qh4 36. Rf2 Qxg3 0-1

[Event "BIH-chT 13th"]
[Site "Neum"]
[Date "2014.06.08"]
[Round "2.1"]
[White "Muratovic, Enver"]
[Black "Cosovic, Aziz"]
[Result "1-0"]
[WhiteElo "2281"]
[BlackElo "2042"]
[PlyCount "89"]
[EventDate "2014.06.07"]
[EventType "team-tourn"]
[EventRounds "9"]
[EventCountry "BIH"]
[SourceTitle "CBM 160 Extra"]
[Source "ChessBase"]
[SourceDate "2014.07.01"]
[SourceVersion "1"]
[SourceVersionDate "2014.07.01"]
[SourceQuality "1"]
[WhiteTeam "Zenica"]
[BlackTeam "Sarajevo Alpong"]
[WhiteTeamCountry "BIH"]
[BlackTeamCountry "BIH"]

1. e4 e5 2. Nf3 Nc6 3. Bb5 a6 4. Ba4 b5 5. Bb3 Nf6 6. 0-0 d6 7. a4 Bg4 8. c3 Be7 9. h3 Bh5 10. d3 Na5 11. Bc2 0-0 12. Re1 c5 13. Nbd2 Nc6 14. axb5 axb5 15. Rxa8 Qxa8 16. g4 Bg6 17. Nh4 Bd8 18. Ndf3 Ne8 19. Bb3 Bxh4 20. Nxh4 Ne7 21. Bg5 Qb7 22. Qf3 Qc7 23. Ra1 c4 24. dxc4 bxc4 25. Bxc4 Qxc4 26. Bxe7 Bxe4 27. Qe3 f5 28. Bxf8 f4 29. Qd2 Kxf8 30. b4 g5 31. Ng2 Bb7 32. Ne1 Qc6 33. f3 e4 34. Qd4 exf3 35. Kf2 Kf7 36. Ra5 h6 37. c4 Ke7 38. c5 Nf6 39. Qxd6+ Qxd6 40. cxd6+ Kxd6 41. Nxf3 Ne4+ 42. Kg1 Ng3 43. Nd4 Bd5 44. Nf5+ Nxf5 45. Rxd5+ 1-0

[Event "Sarajevo Bosna op-B 43rd"]
[Site "Sarajevo"]
[Date "2013.06.03"]
[Round "4"]
[White "Cosovic, Aziz"]
[Black "Vujicic, Dragisa"]
[Result "1-0"]
[WhiteElo "2045"]
[BlackElo "1862"]
[PlyCount "131"]
[EventDate "2013.06.01"]
[EventType "swiss"]
[EventRounds "9"]
[EventCountry "BIH"]
[SourceTitle "CBM 154 Extra"]
[Source "ChessBase"]
[SourceDate "2013.06.25"]
[SourceVersion "2"]
[SourceVersionDate "2013.06.25"]
[SourceQuality "1"]

1. e4 e5 2. Nc3 Nf6 3. Bc4 Nc6 4. Nf3 Nxe4 5. Nxe4 d5 6. Bb5 dxe4 7. Bxc6+ bxc6 8. Nxe5 Qd5 9. Ng4 Ba6 10. Ne3 Qe6 11. b3 Bd6 12. Bb2 0-0 13. Qg4 Qxg4 14. Nxg4 Rae8 15. c4 f5 16. Ne3 f4 17. Nc2 c5 18. 0-0-0 Bb7 19. Rhg1 Re6 20. g3 fxg3 21. fxg3 Rf2 22. h4 Be5 23. Bxe5 Rxe5 24. Ne3 Re6 25. Rgf1 Ref6 26. Rxf2 Rxf2 27. Rf1 Rxf1+ 28. Nxf1 Kf7 29. Kd1 Ke6 30. Ke2 Ke5 31. Ke3 Bc8 32. Nh2 h5 33. d3 exd3 34. Kxd3 Bb7 35. Ke3 a5 36. Nf1 Kf5 37. Nd2 Bg2 38. Nb1 Kg4 39. Kf2 Bc6 40. Nc3 Kf5 41. Ke3 Kg4 42. Ne2 a4 43. bxa4 Bxa4 44. Kf2 Kf5 45. Nc3 Bc2 46. Ke3 Ke5 47. a4 Bf5 48. a5 Bc8 49. Nd5 Ba6 50. Nxc7 Bxc4 51. a6 Bf1 52. a7 Bg2 53. a8Q Bxa8 54. Nxa8 Kf5 55. Nb6 g5 56. Kf3 gxh4 57. gxh4 Ke5 58. Nc4+ Kd4 59. Ne3 c4 60. Kf4 c3 61. Nc2+ Kd3 62. Na3 Kd4 63. Nb5+ Kd3 64. Nxc3 Kxc3 65. Kg5 Kd4 66. Kxh5 1-0

[Event "Sarajevo Bosna op-B 43rd"]
[Site "Sarajevo"]
[Date "2013.06.02"]
[Round "3"]
[White "Doric, Nenad"]
[Black "Cosovic, Aziz"]
[Result "1-0"]
[WhiteElo "2283"]
[BlackElo "2045"]
[PlyCount "75"]
[EventDate "2013.06.01"]
[EventType "swiss"]
[EventRounds "9"]
[EventCountry "BIH"]
[SourceTitle "CBM 154 Extra"]
[Source "ChessBase"]
[SourceDate "2013.06.25"]
[SourceVersion "2"]
[SourceVersionDate "2013.06.25"]
[SourceQuality "1"]

1. e4 e5 2. Nf3 Nc6 3. Nc3 Bb4 4. Nd5 Nf6 5. Nxb4 Nxb4 6. c3 Nc6 7. d3 h6 8. b4 d6 9. g3 0-0 10. Bg2 a5 11. b5 Ne7 12. 0-0 Bg4 13. h3 Bd7 14. c4 c5 15. bxc6 Nxc6 16. Rb1 Qc7 17. Be3 Rfb8 18. Nh4 Qc8 19. Kh2 Nb4 20. a3 Na6 21. f4 Nc5 22. fxe5 dxe5 23. Bxh6 Bg4 24. Qd2 Nh7 25. hxg4 gxh6 26. Nf5 Qe6 27. Nxh6+ Kh8 28. d4 Nd7 29. Nxf7+ Kg7 30. g5 Rf8 31. Bh3 Qe7 32. Rxb7 Rad8 33. Nxd8 Rxd8 34. dxe5 Nhf8 35. Rxf8 Kxf8 36. Rxd7 Rxd7 37. Qxd7 Qxe5 38. Qf5+ 1-0

[Event "Sarajevo Bosna op-B 42nd"]
[Site "Sarajevo"]
[Date "2012.05.08"]
[Round "6"]
[White "Cosovic, Aziz"]
[Black "Veleski, Robert"]
[Result "0-1"]
[WhiteElo "1990"]
[BlackElo "2262"]
[PlyCount "124"]
[EventDate "2012.05.05"]
[EventType "swiss"]
[EventRounds "9"]
[EventCountry "BIH"]
[SourceTitle "CBM 148 Extra"]
[Source "ChessBase"]
[SourceDate "2012.06.22"]
[SourceVersion "1"]
[SourceVersionDate "2012.06.22"]
[SourceQuality "1"]

1. e4 c5 2. Nf3 Nc6 3. d4 cxd4 4. Nxd4 g6 5. Be3 Bg7 6. Nc3 Nf6 7. Nxc6 dxc6 8. Qxd8+ Kxd8 9. 0-0-0+ Ke8 10. f3 Be6 11. Bd4 Rg8 12. g4 Nd7 13. Bxg7 Rxg7 14. Be2 Rd8 15. h4 Rg8 16. g5 Nb6 17. Rxd8+ Kxd8 18. b3 Bc8 19. f4 e5 20. Rf1 exf4 21. Rxf4 Ke7 22. Kd2 Nd7 23. Bg4 Ne5 24. Bxc8 Rxc8 25. Nd1 h6 26. gxh6 Rh8 27. Nf2 Rxh6 28. Ke3 Rh5 29. Nd3 Nd7 30. a4 a5 31. Kd4 Nf8 32. Rg4 Ne6+ 33. Ke3 Rh8 34. Nf4 Nxf4 35. Kxf4 Rh5 36. Ke3 Ke6 37. Kd4 b6 38. c3 Rh8 39. Ke3 Rd8 40. Rg1 Rh8 41. Rg4 Rh5 42. Kd4 b5 43. c4 c5+ 44. Ke3 b4 45. Kf4 Kf6 46. Kf3 Ke5 47. Ke3 f6 48. Rf4 f5 49. Kf3 Rh8 50. Ke3 Rh7 51. exf5 gxf5 52. Kf3 Rd7 53. Kg3 Rg7+ 54. Kf3 Rg1 55. Kf2 Kxf4 56. Kxg1 Kg4 57. Kg2 Kxh4 58. Kf3 Kg5 59. Kg3 f4+ 60. Kf3 Kf5 61. Kf2 Ke4 62. Ke2 Kd4 0-1

[Event "Sarajevo Bosna op-B 42nd"]
[Site "Sarajevo"]
[Date "2012.05.05"]
[Round "1"]
[White "Jovic, Stevan"]
[Black "Cosovic, Aziz"]
[Result "1-0"]
[WhiteElo "2262"]
[BlackElo "1990"]
[PlyCount "111"]
[EventDate "2012.05.05"]
[EventType "swiss"]
[EventRounds "9"]
[EventCountry "BIH"]
[SourceTitle "CBM 148 Extra"]
[Source "ChessBase"]
[SourceDate "2012.06.22"]
[SourceVersion "1"]
[SourceVersionDate "2012.06.22"]
[SourceQuality "1"]

1. d4 Nf6 2. Nf3 g6 3. c4 Bg7 4. Nc3 0-0 5. e4 d6 6. Be2 c5 7. d5 Bg4 8. 0-0 Nbd7 9. h3 Bxf3 10. Bxf3 a6 11. a4 Ne8 12. Be2 e5 13. dxe6 fxe6 14. f4 Bd4+ 15. Kh1 Ndf6 16. Bf3 Ng7 17. Ne2 e5 18. g4 Nd7 19. f5 Qh4 20. Kg2 Rad8 21. Bd2 Qe7 22. Qc1 Qf7 23. Ra3 Nb6 24. b3 Nd7 25. Ng3 Ra8 26. Be2 a5 27. fxg6 Qxg6 28. Nf5 Nxf5 29. exf5 Qe8 30. Bh6 Rf7 31. g5 Nf8 32. Bh5 Qc6+ 33. Kg3 Rc7 34. Ra2 e4 35. Qd1 d5 36. cxd5 Qxd5 37. Be2 Kh8 38. Bc4 Qd6+ 39. Kg2 Qc6 40. Qg4 e3+ 41. Qf3 Re8 42. Qxc6 bxc6 43. f6 Ng6 44. f7 Rf8 45. Bxf8 Nxf8 46. h4 Kg7 47. Kh3 Re7 48. Rg2 Nd7 49. h5 Kf8 50. g6 hxg6 51. Rxg6 Re5 52. Rg8+ Ke7 53. Re8+ Kd6 54. Rxe5 Kxe5 55. f8Q Nxf8 56. Rxf8 1-0

[Event "Sarajevo Bosna op 41st"]
[Site "Sarajevo"]
[Date "2011.05.03"]
[Round "1"]
[White "Kurajica, Bojan"]
[Black "Cosovic, Aziz"]
[Result "1/2-1/2"]
[WhiteElo "2531"]
[BlackElo "2059"]
[PlyCount "132"]
[EventDate "2011.05.03"]
[EventType "swiss"]
[EventRounds "9"]
[EventCountry "BIH"]
[SourceTitle "CBM 142 Extra"]
[Source "ChessBase"]
[SourceDate "2011.06.27"]
[SourceVersion "1"]
[SourceVersionDate "2011.06.27"]
[SourceQuality "1"]

1. d4 Nf6 2. Nf3 g6 3. g3 b6 4. Bg2 Bb7 5. c4 Bg7 6. 0-0 0-0 7. d5 c6 8. Nc3 d6 9. e4 Nbd7 10. dxc6 Bxc6 11. Nd4 Bb7 12. e5 dxe5 13. Bxb7 exd4 14. Bxa8 Qxa8 15. Qxd4 Nc5 16. Rd1 e6 17. Bh6 e5 18. Qd2 Ne6 19. Bxg7 Nd4 20. Qe3 Nf3+ 21. Kf1 Nxh2+ 22. Ke2 Kxg7 23. f3 e4 24. fxe4 Re8 25. Rd4 Qc8 26. Kd2 Qg4 27. Kc2 Nf3 28. Rf1 Nxd4+ 29. Qxd4 Re6 30. b4 Qxg3 31. c5 bxc5 32. bxc5 Qe5 33. Kd3 Qxd4+ 34. Kxd4 h5 35. Rc1 h4 36. Rh1 g5 37. e5 Nd7 38. Ne4 Kh6 39. Rg1 Rg6 40. Nd6 Nf8 41. Nxf7+ Kh5 42. Nd8 g4 43. c6 Rg7 44. e6 h3 45. Ke5 h2 46. Rh1 g3 47. Kf6 Rc7 48. e7 Nh7+ 49. Ke6 Ng5+ 50. Kd6 Rxe7 51. Kxe7 Kg6 52. c7 g2 53. Rxh2 g1Q 54. c8Q Qxh2 55. Qa6+ Kf5 56. Qc8+ Kg6 57. Qc6+ Kf5 58. Qb5+ Kg6 59. Qd3+ Kh5 60. Qc4 Qe5+ 61. Kd7 a5 62. a4 Ne4 63. Qe2+ Kh4 64. Qe1+ Kg4 65. Qe2+ Kg3 66. Qd3+ Kg4 1/2-1/2